000 005430000a22001690004500
041 0 _aSPA
082 0 4 _aG 266.0092 Z978r
100 1 _aZwemer, Samuel M. (Marinus)
245 1 0 _aRaimundo Lulio : Primer misionero cristiano entre los musulmanes / Samuel M. Zwemer ; Alejandro Brachmann, Traductor
260 _aGrand Rapids, MI., USA : Subcomisión Literatura Cristiana
300 _a141 Pag
001 7528
942 _cBK
999 _c37739
_d37739
336 _atexto
_btxt
_2rdacontent
337 _2rdamedia
_asin mediación
_bn
338 _2rdacarrier
_avolumen
_bnc